Экстракционно-инверсионная вольтамперометрия висмута и сурьмы с применением химических реакций для концентрирования на ртутных электродах: автореферат диссертации на соискание ученой степени кандидата химических наук; спец. 02.00.02

Podrobná bibliografie
Hlavní autor: Жданова Г. Н. Галина Николаевна
Korporativní autor: Казанский государственный университет (КГУ)
Další autoři: Торопова В. Ф. (научный руководитель)
Shrnutí:Защита сост. 15.12.1983 г.
Jazyk:ruština
Vydáno: Казань, [Б. и.], 1983
Témata:
Médium: MixedMaterials Kniha
KOHA link:https://koha.lib.tpu.ru/cgi-bin/koha/opac-detail.pl?biblionumber=340831

MARC

LEADER 00000nam0a2200000 4500
001 340831
005 20231102005300.0
035 |a (RuTPU)RU\TPU\book\367788 
090 |a 340831 
100 |a 20180409d1983 k y0rusy50 ca 
101 0 |a rus 
102 |a RU 
105 |a y dm 001zy 
200 1 |a Экстракционно-инверсионная вольтамперометрия висмута и сурьмы с применением химических реакций для концентрирования на ртутных электродах  |e автореферат диссертации на соискание ученой степени кандидата химических наук  |e спец. 02.00.02  |f Г. Н. Жданова  |g Казанский государственный университет (КГУ) ; науч. рук. В. Ф. Торопова 
210 |a Казань  |c [Б. и.]  |d 1983 
215 |a 16 с. 
300 |a Защита сост. 15.12.1983 г. 
320 |a Библиогр.: с. 15-16 (5 назв.) 
606 1 |a Вольтамперометрия  |2 stltpush  |3 (RuTPU)RU\TPU\subj\3652  |9 32036 
610 1 |a экстракционная вольтамперометрия 
610 1 |a инверсионная вольтамперометрия 
610 1 |a висмут 
610 1 |a сурьма 
610 1 |a химические реакции 
610 1 |a концентрирование 
610 1 |a ртутные электроды 
610 1 |a библиотека А. Г. Стромберга 
610 1 |a авторефераты диссертаций 
675 |a 543.552(04)  |v 4 
686 |a 02.00.02  |2 oksvnk 
700 1 |a Жданова  |b Г. Н.  |g Галина Николаевна 
702 1 |a Торопова  |b В. Ф.  |4 727 
712 0 2 |a Казанский государственный университет (КГУ)  |c (1804-2010)  |2 stltpush  |3 (RuTPU)RU\TPU\col\215 
801 1 |a RU  |b 63413507  |c 20180409 
801 2 |a RU  |b 63413507  |c 20180530  |g RCR 
942 |c BK